00487nam a2200193 a 4500001001300000003000900013005001700022008004100039020001200080082001300092100002500105245002400130260003700154300000900191500003500200505001300235650002000248700002500268nice12345678IN_TiNIC20260116012103.0050524s1966 lona grp 000 0 eng  ac788.800a261bSCH aSchmemann, Alexander aWorld and Sacrament aLondonbDarton and Longmanc1966 a142p aincludes index and biblioraphy2 aAppendix aTheology-Social1 aSchmemann, Alexander